Normal view
MARC view
Entry Topical Term
001 - CONTROL NUMBER
- control field: 5783
003 - CONTROL NUMBER IDENTIFIER
- control field: AM-YEHGA
005 - DATE AND TIME OF LATEST TRANSACTION
- control field: 20250617070502.0
008 - FIXED-LENGTH DATA ELEMENTS
- fixed length control field: 140620|g|a||||aabn f| a|a ||
040 ## - CATALOGING SOURCE
- Original cataloging agency: AM-YEHGA
150 ## - HEADING--TOPICAL TERM
- Topical term or geographic name entry element: Հայոց ցեղասպանություն (1915-1923)
- Form subdivision: Ականատեսների վկայություններ
450 ## - SEE FROM TRACING--TOPICAL TERM
- Topical term or geographic name entry element: Մեծ Եղեռն
- Form subdivision: Ականատեսների վկայություններ
450 ## - SEE FROM TRACING--TOPICAL TERM
- Topical term or geographic name entry element: Armenian genocide (1915-1923)
- Form subdivision: Eyewitness accounts
450 ## - SEE FROM TRACING--TOPICAL TERM
- Topical term or geographic name entry element: Völkermord an den Armeniern (1915-1923)
- Form subdivision: Zeugenaussagen
450 ## - SEE FROM TRACING--TOPICAL TERM
- Topical term or geographic name entry element: Armenischer Genozid (1915-1923)
- Form subdivision: Zeugenaussagen
450 ## - SEE FROM TRACING--TOPICAL TERM
- Topical term or geographic name entry element: Génocide arménien (1915-1923)
- Form subdivision: Témoins oculaires
450 ## - SEE FROM TRACING--TOPICAL TERM
- Topical term or geographic name entry element: Геноцид армян (1915-1923)
- Form subdivision: Свидетельства очевидцев
ՀՀ Գիտությունների ազգային ակադեմիայի հիմնարար գիտական գրադարան = Fundamental Scientific Library of NAS RA
All site content, except where otherwise noted, is licensed under a